00237nam a2200097Ia 4500008004100000100001600041245003000057260002800087942000700115999001700122190216s9999||||xx |||||||||||||| ||und|| aDr.Kurup Ng 0aCrestasian Antha Sraviyam bKerala Bhasha Institute cBK c37606d37606